000 00507nam a2200133Ia 4500
005 20260209120151.0
008 260209s9999||||xx |||||||||||||| ||und||
100 _aAbhijeet U Pai
245 0 _aIntegration of ESG factors in mergers and acquisitions : a comprehensive analysis
260 _aBangaloreBangalore
_bNLSIU, Bangalore
_c2024 - 2025
300 _a46 p. ; 25 cm.
700 _aMs. Varsha Aithala - SupervisorMs. Varsha Aithala - Supervisor
856 _uhttps://dans.nls.ac.in/handle/123456789/2426
999 _c217743
_d217743